Statistics for Countries, US States, Capitals, Elements, 100 Most Common Words: Shortest containing consecutive letters

Click here to take the quiz!

General Stats

  • This quiz has been taken 162 times
  • The average score is 18 of 49

Answer Stats

SET ANSWER % Correct
T-U-VTuvalu
80%
N-ONo, On
77%
L-MLima, Lomé, Malé, Mali
68%
A-BBack, Baku, Cuba, Juba
68%
G-HGhana
62%
I-JFiji
59%
A-B-CBack, Cuba
58%
B-CBack, Cuba
58%
Y-ZKyrgyzstan
57%
M-N-OOman
57%
M-NOman
57%
C-DChad
55%
F-G-HAfghanistan
52%
F-G-H-IAfghanistan
52%
F-GAfghanistan, Springfield
52%
X-YOxygen
52%
Q-RIraq
51%
H-IHim, His
48%
U-VSuva
46%
E-F-G-HRepublic of the Congo
39%
O-PCopper, Maputo, People, Poland, Skopje, Topeka
36%
R-SFirst, Paris, Syria
35%
C-D-E-FFederated States of Micronesia
32%
T-UBut, Out
32%
L-M-N-OBelmopan, Mongolia, Nobelium, Polonium
30%
S-TIts
29%
N-O-PPoland
29%
K-LLike, Look
29%
L-M-NManila
29%
R-S-T-UAustria
28%
R-S-TFirst
26%
I-J-KReykjavík
26%
W-XNew Mexico
25%
D-ELead
25%
M-N-O-PBelmopan, Polonium
22%
A-B-C-DCambodia
20%
B-C-DCambodia
20%
S-T-UJust
19%
J-KSkopje
17%
V-WWest Virginia
16%
B-C-D-EDominican Republic
14%
D-E-F-GSpringfield
13%
D-E-FSpringfield
13%
E-F-GSpringfield
13%
E-FAfter
10%
C-D-EEcuador, Iceland
10%
K-L-MKampala
9%
H-I-JSaint John's
7%
G-H-IRaleigh
6%

Score Distribution

Percentile by Number Answered

Percent of People with Each Score

Your Score History

You have not taken this quiz